[Event "Amsterdam Chess Tournament 2005"]
[Site "Amsterdam NED"]
[Date "2005.07.16"]
[Round "1.1"]
[White "Akopian, Vladimir"]
[Black "Koster, Ramon"]
[Result "1-0"]
[WhiteElo "2705"]
[BlackElo "2335"]
[PlyCount "87"]
[EventDate "2005.07.16"]
[EventType "tourn"]
[EventRounds "9"]
[EventCountry "NED"]
[Source "lmi"]
[SourceDate "2005.07.25"]

1. d4 Nf6 2. c4 g6 3. g3 c6 4. Nf3 Bg7 5. Bg2 O-O 6. Nc3 d5 7. Qb3 Qb6 8. O-O
Bf5 9. Ne5 Qxd4 10. Qxb7 Qxe5 11. Bf4 Qd4 12. cxd5 Nbd7 13. dxc6 Nc5 14. Qxe7
Rfe8 15. Be3 Rxe7 16. Bxd4 Nce4 17. Rac1 Nxc3 18. Rxc3 Rc8 19. Re3 Rxe3 20.
fxe3 Ne8 21. b4 a6 22. Rc1 Bf8 23. a3 Bd6 24. e4 Be6 25. e5 Be7 26. Bb6 Nc7 27.
Ba5 Bb3 28. Rc3 Ba4 29. Bh3 Ne6 30. c7 Bd7 31. Bg2 Re8 32. e3 f6 33. Bc6 Bxc6
34. Rxc6 Nxc7 35. Rxc7 fxe5 36. Rc6 Bg5 37. Kf2 e4 38. Ke2 Kf7 39. Rxa6 Rc8 40.
Kd2 h5 41. Bb6 Rc6 42. Ra7+ Ke6 43. Bd4 Kd5 44. Ra5+ 1-0

[Event "Amsterdam Chess Tournament 2005"]
[Site "Amsterdam NED"]
[Date "2005.07.16"]
[Round "1.2"]
[White "Timman, Anton P"]
[Black "Sokolov, Ivan"]
[Result "0-1"]
[WhiteElo "2335"]
[BlackElo "2691"]
[PlyCount "84"]
[EventDate "2005.07.16"]
[EventType "tourn"]
[EventRounds "9"]
[EventCountry "NED"]
[Source "lmi"]
[SourceDate "2005.07.25"]

1. d4 Nf6 2. c4 c6 3. Nc3 d5 4. e3 a6 5. Nf3 b5 6. cxd5 cxd5 7. Ne5 e6 8. Bd3
Nbd7 9. f4 Bb7 10. Qf3 Be7 11. O-O O-O 12. Bd2 b4 13. Na4 Ne4 14. Nxd7 Qxd7 15.
Bxe4 dxe4 16. Qd1 Qb5 17. b3 Rac8 18. Rc1 f6 19. Qg4 f5 20. Qd1 Bd5 21. Kf2 g5
22. fxg5 Bxg5 23. g3 Rxc1 24. Qxc1 Qb8 25. Nc5 Rc8 26. Nxa6 Rxc1 27. Nxb8 Rc2
28. Ke2 Rxa2 29. Rb1 Kg7 30. Nd7 h5 31. h4 Be7 32. Kd1 Bd6 33. Ne5 Ra7 34. Kc2
Kf6 35. Be1 Ra2+ 36. Rb2 Ra1 37. Kd2 Kg7 38. Nc4 Bxc4 39. bxc4 Ra3 40. c5 Bc7
41. Kc2 Rxe3 42. Rxb4 Re2+ 0-1

[Event "Amsterdam Chess Tournament 2005"]
[Site "Amsterdam NED"]
[Date "2005.07.16"]
[Round "1.4"]
[White "Wong, Zi Jing"]
[Black "Avrukh, Boris"]
[Result "0-1"]
[WhiteElo "2330"]
[BlackElo "2652"]
[PlyCount "116"]
[EventDate "2005.07.16"]
[EventType "tourn"]
[EventRounds "9"]
[EventCountry "NED"]
[Source "lmi"]
[SourceDate "2005.07.25"]

1. e4 c5 2. Nf3 Nc6 3. d4 cxd4 4. Nxd4 Nf6 5. Nc3 d6 6. Bc4 e6 7. Bb3 Be7 8.
Be3 Bd7 9. Ndb5 Qb8 10. a4 O-O 11. O-O a6 12. Na3 Na5 13. Nc4 Nxc4 14. Bxc4 Rc8
15. Qe2 Ng4 16. Bf4 Ne5 17. Bb3 b6 18. Bg3 Qc7 19. Rad1 Qc5 20. Kh1 Bf8 21.
Bxe5 Qxe5 22. f4 Qc5 23. f5 Qe5 24. fxe6 Bxe6 25. Nd5 Rab8 26. c3 b5 27. a5 Rc5
28. Qf3 Kh8 29. Rd4 g6 30. Qd1 Qh5 31. Qxh5 gxh5 32. Bd1 Bg7 33. Rd2 Rc4 34.
Nb4 Be5 35. Re1 h4 36. Bb3 Rxb4 37. Bxe6 Rxb2 38. Rxb2 Bxc3 39. Rc1 Bxb2 40.
Rc8+ Rxc8 41. Bxc8 b4 42. Bxa6 Bd4 43. h3 b3 44. Bd3 Kg7 45. g4 hxg3 46. Kg2
Bf2 47. a6 Kf6 48. a7 Bxa7 49. Kxg3 Ke5 50. Bb1 Be3 51. Kg4 Bh6 52. h4 Bg7 53.
h5 h6 54. Kf3 Kd4 55. Ke2 Kc3 56. Bd3 Be5 57. Ba6 Kc2 58. Bd3+ Kc1 0-1

[Event "Amsterdam Chess Tournament 2005"]
[Site "Amsterdam NED"]
[Date "2005.07.16"]
[Round "1.5"]
[White "Eljanov, Pavel"]
[Black "Beckhuis, Gernod"]
[Result "1-0"]
[WhiteElo "2639"]
[BlackElo "2324"]
[PlyCount "75"]
[EventDate "2005.07.16"]
[EventType "tourn"]
[EventRounds "9"]
[EventCountry "NED"]
[Source "lmi"]
[SourceDate "2005.07.25"]

1. d4 d5 2. c4 c6 3. Nf3 Nf6 4. e3 e6 5. Bd3 Nbd7 6. O-O Bd6 7. Nbd2 c5 8. cxd5
exd5 9. e4 dxe4 10. Nxe4 Nxe4 11. Bxe4 O-O 12. Bg5 Qb6 13. Qc2 h6 14. Be3 cxd4
15. Bxd4 Bc5 16. Bc3 Be7 17. Nd4 Bf6 18. Rfd1 Nc5 19. Bf3 Bd7 20. Nf5 Bxf5 21.
Qxf5 Bxc3 22. bxc3 Rad8 23. Rd5 Rxd5 24. Bxd5 Qc7 25. Re1 b6 26. Re3 Nd7 27.
Re7 Qxc3 28. Bxf7+ Kh8 29. g3 Nc5 30. Bg6 Rd8 31. Rf7 Qa1+ 32. Kg2 Qxa2 33. Qe5
Rg8 34. Re7 a5 35. Bf7 Qxf2+ 36. Kxf2 Nd3+ 37. Kf1 Nxe5 38. Bxg8 1-0

[Event "Amsterdam Chess Tournament 2005"]
[Site "Amsterdam NED"]
[Date "2005.07.16"]
[Round "1.6"]
[White "Halay, Taufik"]
[Black "Cheparinov, Ivan"]
[Result "0-1"]
[WhiteElo "2320"]
[BlackElo "2634"]
[PlyCount "72"]
[EventDate "2005.07.16"]
[EventType "tourn"]
[EventRounds "9"]
[EventCountry "NED"]
[Source "lmi"]
[SourceDate "2005.07.25"]

1. d4 Nf6 2. c4 e6 3. Nf3 c5 4. d5 exd5 5. cxd5 d6 6. Nc3 g6 7. e4 a6 8. a4 Bg4
9. Qb3 Bxf3 10. gxf3 Nbd7 11. Qxb7 Bg7 12. Qc6 O-O 13. Qxd6 Nh5 14. f4 Rb8 15.
a5 Bd4 16. Nd1 Re8 17. Bg2 Nhf6 18. O-O Nxe4 19. Qxa6 Ndf6 20. Qc4 Ng4 21. Be3
Qh4 22. h3 Nxe3 23. fxe3 Nd2 24. Qd3 Nxf1 25. Qxf1 Qg3 26. Qf2 Rxe3 27. Qxg3
Rxg3+ 28. Kh2 Rd3 29. a6 c4 30. Bf1 Rd2+ 31. Kg3 Rb3+ 32. Nc3 Rdxb2 33. a7
Rxc3+ 34. Kg4 f5+ 35. Kg5 Kg7 36. Ra6 h6+ 0-1

[Event "Amsterdam Chess Tournament 2005"]
[Site "Amsterdam NED"]
[Date "2005.07.16"]
[Round "1.9"]
[White "Khenkin, Igor"]
[Black "Van Beek, Alexander"]
[Result "1-0"]
[WhiteElo "2610"]
[BlackElo "2312"]
[PlyCount "45"]
[EventDate "2005.07.16"]
[EventType "tourn"]
[EventRounds "9"]
[EventCountry "NED"]
[Source "lmi"]
[SourceDate "2005.07.25"]

1. d4 d5 2. c4 c6 3. e3 Bf5 4. cxd5 cxd5 5. Qb3 Qc7 6. Bb5+ Nd7 7. Bd2 Ngf6 8.
Nc3 e6 9. Rc1 Qd8 10. Bxd7+ Qxd7 11. Nb5 Rc8 12. Rxc8+ Qxc8 13. Nxa7 Qc2 14.
Qxc2 Bxc2 15. Nf3 Bd6 16. O-O Kd7 17. Rc1 Ba4 18. Ne5+ Bxe5 19. dxe5 Ne4 20.
Ba5 Bc6 21. f3 Ra8 22. Nxc6 bxc6 23. Be1 1-0

[Event "Amsterdam Chess Tournament 2005"]
[Site "Amsterdam NED"]
[Date "2005.07.16"]
[Round "1.10"]
[White "Schmitz, Henk"]
[Black "Erenburg, Sergey"]
[Result "0-1"]
[WhiteElo "2306"]
[BlackElo "2595"]
[PlyCount "122"]
[EventDate "2005.07.16"]
[EventType "tourn"]
[EventRounds "9"]
[EventCountry "NED"]
[Source "lmi"]
[SourceDate "2005.07.25"]

1. e4 c6 2. Nc3 d5 3. Qe2 dxe4 4. Nxe4 Bf5 5. d3 e6 6. g3 Be7 7. Bg2 Nf6 8. Nf3
h6 9. O-O O-O 10. h3 a5 11. c4 c5 12. Bd2 Nc6 13. Bc3 Qb6 14. Ne5 Nxe5 15. Bxe5
Nd7 16. Bc3 Qc7 17. Rae1 Rad8 18. f4 Nb8 19. g4 Bxe4 20. dxe4 Bh4 21. Rd1 Rxd1
22. Qxd1 Rd8 23. Qf3 Nc6 24. e5 Nd4 25. Qe4 b5 26. b3 b4 27. Bb2 a4 28. bxa4
Qa7 29. Bxd4 cxd4 30. Qd3 Qxa4 31. c5 Qxa2 32. c6 Qa5 33. Rc1 Qc7 34. Bf1 Be7
35. Qe4 Rd5 36. Bd3 g6 37. Re1 Qxc6 38. f5 Rc5 39. Qe2 Rc1 40. fxg6 Rxe1+ 41.
Qxe1 fxg6 42. Bxg6 Bg5 43. Be4 Qc5 44. Kg2 b3 45. h4 Be3 46. Qa1 Qxe5 47. Qa8+
Kg7 48. Qb7+ Kf6 49. Qh7 Qf4 50. Bf3 Qb8 51. g5+ hxg5 52. Qh6+ Ke5 53. hxg5 b2
54. Bg4 b1=Q 55. Qf6+ Kd6 56. Qxe6+ Kc5 57. Qe7+ Qd6 58. Qa7+ Kc4 59. Qa4+ Kc3
60. Qa5+ Qdb4 61. Qc7+ Kb2 0-1

[Event "Amsterdam Chess Tournament 2005"]
[Site "Amsterdam NED"]
[Date "2005.07.16"]
[Round "1.11"]
[White "Khuzman, Alexander"]
[Black "Bakker, Sven"]
[Result "1-0"]
[WhiteElo "2577"]
[BlackElo "2300"]
[PlyCount "79"]
[EventDate "2005.07.16"]
[EventType "tourn"]
[EventRounds "9"]
[EventCountry "NED"]
[Source "lmi"]
[SourceDate "2005.07.25"]

1. d4 Nf6 2. c4 e6 3. Nf3 b6 4. g3 Ba6 5. b3 Bb4+ 6. Bd2 Be7 7. Nc3 c6 8. e4 d5
9. Qc2 dxe4 10. Nxe4 Nbd7 11. Bg2 Nxe4 12. Qxe4 Bb7 13. Rd1 Nf6 14. Qe2 c5 15.
O-O cxd4 16. Bf4 O-O 17. Nxd4 Qc8 18. Rd3 Bxg2 19. Kxg2 Qb7+ 20. Qf3 Qxf3+ 21.
Kxf3 Rfc8 22. Nb5 Rc5 23. Be3 Rc6 24. Rfd1 Kf8 25. g4 h6 26. a4 e5 27. Nc3 Re6
28. Ne4 Rc8 29. Nxf6 Bxf6 30. Rd7 e4+ 31. Ke2 Re7 32. Rd8+ Rxd8 33. Rxd8+ Re8
34. Rxe8+ Kxe8 35. c5 bxc5 36. Bxc5 a6 37. Ke3 Be5 38. h3 Kd7 39. Kxe4 Bf6 40.
Bd4 1-0

[Event "Amsterdam Chess Tournament 2005"]
[Site "Amsterdam NED"]
[Date "2005.07.16"]
[Round "1.13"]
[White "Rogers, Ian"]
[Black "Witt, Rob"]
[Result "1-0"]
[WhiteElo "2569"]
[BlackElo "2292"]
[PlyCount "75"]
[EventDate "2005.07.16"]
[EventType "tourn"]
[EventRounds "9"]
[EventCountry "NED"]
[Source "lmi"]
[SourceDate "2005.07.25"]

1. e4 e6 2. Nf3 d5 3. Nc3 Nf6 4. e5 Nfd7 5. d4 c5 6. dxc5 Nc6 7. Bf4 Bxc5 8.
Bd3 f6 9. exf6 Nxf6 10. O-O O-O 11. Ne5 Bd7 12. Qe2 Qe7 13. Rae1 Rae8 14. Kh1
Bd4 15. Nb5 Bc5 16. Bg3 Nd4 17. Nxd4 Bxd4 18. Nxd7 Nxd7 19. Bxh7+ Kxh7 20. Qd3+
Kg8 21. Qxd4 a6 22. f3 Nf6 23. Rf2 Rc8 24. Rfe2 Rc6 25. c3 Qf7 26. h3 Re8 27.
Be5 Nd7 28. Qg4 Nc5 29. Re3 Nd7 30. Bd4 Nf6 31. Qh4 Nd7 32. f4 Qe7 33. Qxe7
Rxe7 34. f5 Nf8 35. Re5 Kf7 36. fxe6+ Rexe6 37. Rf1+ Rf6 38. Ref5 1-0

[Event "Amsterdam Chess Tournament 2005"]
[Site "Amsterdam NED"]
[Date "2005.07.16"]
[Round "1.16"]
[White "Spaan, Tigran"]
[Black "Nijboer, Friso"]
[Result "0-1"]
[WhiteElo "2284"]
[BlackElo "2529"]
[PlyCount "32"]
[EventDate "2005.07.16"]
[EventType "tourn"]
[EventRounds "9"]
[EventCountry "NED"]
[Source "lmi"]
[SourceDate "2005.07.25"]

1. e4 c5 2. Nf3 e6 3. d4 cxd4 4. Nxd4 a6 5. c4 Nf6 6. Nc3 Bb4 7. Bd3 Nc6 8.
Nxc6 dxc6 9. e5 Qd4 10. exf6 Bxc3+ 11. bxc3 Qxc3+ 12. Qd2 Qxa1 13. O-O Qxf6 14.
Bb2 Qe7 15. Bxg7 Rg8 16. Qb2 Qg5 0-1

[Event "Amsterdam Chess Tournament 2005"]
[Site "Amsterdam NED"]
[Date "2005.07.16"]
[Round "1.17"]
[White "Wells, Peter"]
[Black "Van der Poel, Henk"]
[Result "1/2-1/2"]
[WhiteElo "2529"]
[BlackElo "2280"]
[PlyCount "125"]
[EventDate "2005.07.16"]
[EventType "tourn"]
[EventRounds "9"]
[EventCountry "NED"]
[Source "lmi"]
[SourceDate "2005.07.25"]

1. d4 Nf6 2. c4 e6 3. Nc3 c5 4. d5 exd5 5. cxd5 d6 6. e4 g6 7. f4 Bg7 8. Bb5+
Nbd7 9. e5 dxe5 10. fxe5 Nh5 11. e6 Qh4+ 12. g3 Nxg3 13. hxg3 Qxh1 14. Be3
Bxc3+ 15. bxc3 a6 16. exd7+ Bxd7 17. Bxd7+ Kxd7 18. Qg4+ f5 19. Qf3 Qxf3 20.
Nxf3 Rhe8 21. Kf2 Re4 22. Nd2 Ra4 23. Nb3 Kd6 24. Nxc5 Ra3 25. c4 b5 26. Nb3
bxc4 27. Bc5+ Kxd5 28. Rd1+ Ke5 29. Bd6+ Kf6 30. Bxa3 cxb3 31. axb3 Rb8 32.
Rd6+ Ke5 33. Rd3 Rb5 34. Bb2+ Ke6 35. Bc1 Kf6 36. Rd6+ Kf7 37. Rxa6 Rxb3 38.
Ra7+ Kf6 39. Rxh7 Rb1 40. Be3 Rb2+ 41. Kf3 Rb3 42. Kf2 Rb2+ 43. Kf1 Rb3 44.
Bd4+ Ke6 45. Kg2 Rd3 46. Bf2 Kf6 47. Rb7 Kg5 48. Rb5 Kf6 49. Kf1 Kg5 50. Ke2
Ra3 51. Rb4 Kh6 52. Rh4+ Kg7 53. Rb4 Kh6 54. Rb8 Kg5 55. Rb5 Kg4 56. Rb4+ Kg5
57. Be3+ Kf6 58. Rb6+ Kf7 59. Kf2 Ra2+ 60. Kf1 Ra3 61. Kf2 Ra2+ 62. Kf3 Ra3 63.
Kf2 1/2-1/2

[Event "Amsterdam Chess Tournament 2005"]
[Site "Amsterdam NED"]
[Date "2005.07.16"]
[Round "1.18"]
[White "Hartoch, Robert"]
[Black "L'Ami, Erwin"]
[Result "1-0"]
[WhiteElo "2272"]
[BlackElo "2519"]
[PlyCount "61"]
[EventDate "2005.07.16"]
[EventType "tourn"]
[EventRounds "9"]
[EventCountry "NED"]
[Source "lmi"]
[SourceDate "2005.07.25"]

1. Nf3 Nf6 2. g3 d5 3. Bg2 c6 4. O-O Bg4 5. d3 g6 6. Nbd2 Bg7 7. e4 O-O 8. h3
Bxf3 9. Qxf3 e6 10. Qe2 Nbd7 11. e5 Ne8 12. Nf3 Nc7 13. Bf4 h6 14. h4 Re8 15.
d4 Qe7 16. c3 c5 17. Rfe1 Nb8 18. Qe3 cxd4 19. cxd4 Qf8 20. Bf1 Nc6 21. Rac1 a5
22. Bd3 Rec8 23. Kg2 Ne7 24. g4 Na6 25. Bb1 Rxc1 26. Rxc1 Nb4 27. Rh1 Nbc6 28.
h5 g5 29. Nxg5 Nxd4 30. Nh7 Qc8 31. Qxd4 1-0

[Event "Amsterdam Chess Tournament 2005"]
[Site "Amsterdam NED"]
[Date "2005.07.16"]
[Round "1.19"]
[White "Van der Wiel, John"]
[Black "Narings, Niek"]
[Result "1/2-1/2"]
[WhiteElo "2508"]
[BlackElo "2263"]
[PlyCount "90"]
[EventDate "2005.07.16"]
[EventType "tourn"]
[EventRounds "9"]
[EventCountry "NED"]
[Source "lmi"]
[SourceDate "2005.07.25"]

1. e4 e5 2. Nf3 Nc6 3. Bb5 a6 4. Bxc6 dxc6 5. O-O f6 6. d4 Bg4 7. dxe5 Qxd1 8.
Rxd1 fxe5 9. Rd3 Bd6 10. Nbd2 Nf6 11. b3 O-O-O 12. Bb2 Rhe8 13. a3 Bxf3 14.
Nxf3 Nxe4 15. Re3 Nf6 16. Nxe5 Bc5 17. Rd3 Rd5 18. Rxd5 cxd5 19. Nd3 Bb6 20.
Bxf6 gxf6 21. Kf1 Ba5 22. b4 Bb6 23. Re1 Rxe1+ 24. Kxe1 Bd4 25. Kd2 Kd7 26. g4
Kd6 27. c3 Ba7 28. h4 b6 29. f4 c5 30. h5 c4 31. g5 Ke7 32. Ne1 b5 33. Nf3 Bb8
34. Ke3 Ba7+ 35. Ke2 Bb8 36. g6 hxg6 37. h6 Kf7 38. Nh4 Kg8 39. Nxg6 Kh7 40.
Nf8+ Kxh6 41. Nd7 Ba7 42. Nxf6 d4 43. cxd4 Bxd4 44. Nd5 Bb2 45. Nc7 Bxa3
1/2-1/2

[Event "Amsterdam Chess Tournament 2005"]
[Site "Amsterdam NED"]
[Date "2005.07.16"]
[Round "1.20"]
[White "Van Leent, Dimitri"]
[Black "Bellini, Fabio"]
[Result "1-0"]
[WhiteElo "2261"]
[BlackElo "2501"]
[PlyCount "121"]
[EventDate "2005.07.16"]
[EventType "tourn"]
[EventRounds "9"]
[EventCountry "NED"]
[Source "lmi"]
[SourceDate "2005.07.25"]

1. e4 c5 2. Nf3 g6 3. c3 Bg7 4. d4 cxd4 5. cxd4 d5 6. exd5 Nf6 7. Bb5+ Nbd7 8.
d6 exd6 9. Qe2+ Qe7 10. Bf4 Qxe2+ 11. Bxe2 Ke7 12. Nc3 a6 13. O-O Nb6 14. Rfe1
Be6 15. Rad1 Nbd5 16. Bg5 Nxc3 17. bxc3 Kd7 18. Ne5+ Kc7 19. Nc4 Ne4 20. Bd2
Rhe8 21. Bd3 Bxc4 22. Bxc4 d5 23. Bf4+ Kd7 24. Bxd5 Nxc3 25. Bxf7 Re7 26. Bb3
Nxd1 27. Rxd1 Rc8 28. g3 Rc3 29. Rd2 b5 30. h4 Re1+ 31. Kg2 Bf8 32. Bg8 Bd6 33.
Bg5 Ke8 34. Bxh7 Kf7 35. h5 gxh5 36. Bd3 Ra1 37. Be4 a5 38. Re2 Rd1 39. Bd2 Ra3
40. Bd5+ Kg7 41. Bb3 Rb1 42. Re6 Rbxb3 43. axb3 Bf8 44. Rb6 Bb4 45. Bxb4 axb4
46. Rxb5 Rxb3 47. Rxh5 Rd3 48. Rd5 b3 49. Rb5 Kf6 50. f4 Rd2+ 51. Kh3 Rb2 52.
Kg4 Ke6 53. f5+ Kd6 54. Kg5 Kc6 55. Rb4 Rb1 56. g4 b2 57. f6 Kd6 58. f7 Ke7 59.
Kg6 Rf1 60. Rxb2 Rf6+ 61. Kg5 1-0

[Event "Amsterdam Chess Tournament 2005"]
[Site "Amsterdam NED"]
[Date "2005.07.16"]
[Round "1.21"]
[White "Janssen, Ruud"]
[Black "Pruijssers, Roeland"]
[Result "0-1"]
[WhiteElo "2501"]
[BlackElo "2261"]
[PlyCount "146"]
[EventDate "2005.07.16"]
[EventType "tourn"]
[EventRounds "9"]
[EventCountry "NED"]
[Source "lmi"]
[SourceDate "2005.07.25"]

1. c4 e5 2. Nc3 Nf6 3. Nf3 Nc6 4. e3 Bb4 5. Qc2 O-O 6. Nd5 Re8 7. Qf5 d6 8.
Nxf6+ Qxf6 9. Qxf6 gxf6 10. a3 Bc5 11. b4 Bb6 12. d3 a5 13. b5 Nd8 14. Nd2 a4
15. Ne4 Kg7 16. g4 Ne6 17. Rg1 Rd8 18. Bb2 Ba5+ 19. Ke2 d5 20. cxd5 Rxd5 21. g5
f5 22. Nc3 Bxc3 23. Bxc3 Bd7 24. Bg2 Rc5 25. Rgc1 Bxb5 26. f4 Rd8 27. Bxe5+ Kg8
28. Bxb7 Rxd3 29. Kf3 Nxg5+ 30. fxg5 Rxe5 31. Rxc7 Rexe3+ 32. Kf4 Re6 33. Kxf5
Rd4 34. Rc3 Bd3+ 35. Rxd3 Rxd3 36. h4 Rd4 37. h5 Rb6 38. Be4 Rb5+ 39. Kf4 Rb8
40. Ke5 Rd2 41. Bc6 Rc8 42. Rc1 Re2+ 43. Kd6 Re6+ 44. Kd7 Ree8 45. g6 hxg6 46.
hxg6 Red8+ 47. Ke7 fxg6 48. Rg1 Kg7 49. Bd7 Rxd7+ 50. Kxd7 Rc3 51. Ra1 g5 52.
Ke6 g4 53. Kf5 g3 54. Kg4 Kg6 55. Kh3 Kf5 56. Kg2 Kf4 57. Ra2 Rb3 58. Rc2 Rxa3
59. Rc4+ Ke5 60. Rb4 Kd5 61. Rf4 Kc5 62. Re4 Kb5 63. Re5+ Kc4 64. Re4+ Kd3 65.
Rf4 Kc2 66. Re4 Ra1 67. Kxg3 a3 68. Re2+ Kd3 69. Rf2 Re1 70. Ra2 Re3+ 71. Kf2
Kd4 72. Ra1 Rb3 73. Rd1+ Kc3 0-1

[Event "Amsterdam Chess Tournament 2005"]
[Site "Amsterdam NED"]
[Date "2005.07.16"]
[Round "1.25"]
[White "Siebrecht, Sebastian"]
[Black "Ruijgrok, Dennis"]
[Result "1-0"]
[WhiteElo "2487"]
[BlackElo "2249"]
[PlyCount "67"]
[EventDate "2005.07.16"]
[EventType "tourn"]
[EventRounds "9"]
[EventCountry "NED"]
[Source "lmi"]
[SourceDate "2005.07.25"]

1. c4 e5 2. Nc3 Nf6 3. g3 Bb4 4. Bg2 Bxc3 5. bxc3 O-O 6. Nf3 d6 7. O-O Nc6 8.
d3 Nd7 9. e4 Nc5 10. Nh4 Ne7 11. Be3 Rb8 12. d4 Nd7 13. Qe2 a6 14. a4 Qe8 15.
f4 f6 16. c5 dxc5 17. fxe5 fxe5 18. Rxf8+ Qxf8 19. Rf1 Qe8 20. Qc4+ Kh8 21. Qf7
Qxf7 22. Rxf7 Ng6 23. Nxg6+ hxg6 24. Re7 cxd4 25. cxd4 b5 26. axb5 axb5 27.
dxe5 Kg8 28. e6 Nf6 29. e5 Ng4 30. Re8+ Kh7 31. Bd4 c5 32. Bxc5 b4 33. e7 b3
34. Be4 1-0

[Event "Amsterdam Chess Tournament 2005"]
[Site "Amsterdam NED"]
[Date "2005.07.16"]
[Round "1.26"]
[White "Van Gool, Henk"]
[Black "Holzke, Frank"]
[Result "0-1"]
[WhiteElo "2242"]
[BlackElo "2478"]
[PlyCount "80"]
[EventDate "2005.07.16"]
[EventType "tourn"]
[EventRounds "9"]
[EventCountry "NED"]
[Source "lmi"]
[SourceDate "2005.07.25"]

1. e4 e5 2. Nf3 Nc6 3. Nc3 Nf6 4. h3 Bb4 5. Bb5 O-O 6. O-O d6 7. Bxc6 bxc6 8.
d3 h6 9. Ne2 Re8 10. c3 Bc5 11. b4 Bb6 12. Ng3 d5 13. c4 a5 14. c5 Ba7 15. a3
Rb8 16. Qc2 Nh7 17. Re1 Ng5 18. Bxg5 hxg5 19. d4 exd4 20. e5 g4 21. Nxd4 Bd7
22. Qd2 gxh3 23. gxh3 Qh4 24. Re3 Qxh3 25. f4 Qg4 26. Rf1 f6 27. e6 Bxe6 28.
Nxc6 Ra8 29. Qd4 Bf7 30. Rxe8+ Rxe8 31. Kf2 Bh5 32. Qxd5+ Kf8 33. Qd3 Qxf4+ 34.
Kg2 Qg5 35. Nd4 Re3 36. Ne6+ Rxe6 37. Qd8+ Be8 38. Qxc7 Bc6+ 39. Kg1 Re2 40.
Qc8+ Kf7 0-1

[Event "Amsterdam Chess Tournament 2005"]
[Site "Amsterdam NED"]
[Date "2005.07.16"]
[Round "1.28"]
[White "Schoorl, Rob"]
[Black "Hoffmann, Michael"]
[Result "1/2-1/2"]
[WhiteElo "2239"]
[BlackElo "2475"]
[PlyCount "59"]
[EventDate "2005.07.16"]
[EventType "tourn"]
[EventRounds "9"]
[EventCountry "NED"]
[Source "lmi"]
[SourceDate "2005.07.25"]

1. e4 c5 2. Nf3 d6 3. d4 Nf6 4. Nc3 cxd4 5. Nxd4 a6 6. f4 g6 7. Bd3 Bg7 8. Nf3
O-O 9. O-O b5 10. Qe1 Bb7 11. a3 Nbd7 12. Qh4 a5 13. f5 Nc5 14. fxg6 fxg6 15.
Bh6 Nh5 16. Bxg7 Kxg7 17. Nd4 Rxf1+ 18. Rxf1 b4 19. Na4 Kh8 20. Nxc5 dxc5 21.
Ne6 Qd6 22. Bc4 Ba6 23. e5 Qxe5 24. Qxe7 Qe3+ 25. Kh1 Ng3+ 26. hxg3 Qh6+ 27.
Kg1 Bxc4 28. Qf6+ Kg8 29. Qf7+ Kh8 30. Qf6+ 1/2-1/2

[Event "Amsterdam Chess Tournament 2005"]
[Site "Amsterdam NED"]
[Date "2005.07.16"]
[Round "1.29"]
[White "Belkhodja, Slim"]
[Black "Gavin Roche, Enrique"]
[Result "1-0"]
[WhiteElo "2468"]
[BlackElo "2230"]
[PlyCount "124"]
[EventDate "2005.07.16"]
[EventType "tourn"]
[EventRounds "9"]
[EventCountry "NED"]
[Source "lmi"]
[SourceDate "2005.07.25"]

1. e4 d6 2. d4 Nf6 3. Bd3 e5 4. Nf3 Nbd7 5. O-O Be7 6. c3 O-O 7. Re1 c6 8. a4
a5 9. Na3 Qc7 10. Bg5 Re8 11. Bh4 g6 12. Qd2 Kg7 13. Bf1 Nh5 14. Bxe7 Rxe7 15.
g3 Nf8 16. h3 Nf6 17. Nc4 Ne8 18. b4 axb4 19. cxb4 f6 20. a5 Be6 21. Nb6 Rd8
22. Rac1 Qb8 23. b5 Nd7 24. bxc6 Nxb6 25. axb6 bxc6 26. Rxc6 Bd7 27. Rcc1 Qxb6
28. Rb1 Qa7 29. Ra1 Qb8 30. Reb1 Qc7 31. Qb4 Be6 32. d5 Bf7 33. Nd2 f5 34. f3
Rc8 35. Nc4 Qd8 36. Ra6 Rd7 37. h4 Ra8 38. Rxa8 Qxa8 39. Qd2 fxe4 40. fxe4 Rb7
41. Re1 Rb3 42. Qf2 Qc8 43. Ra1 Qg4 44. Kh2 Qxe4 45. Ra7 Rf3 46. Qg2 Qf5 47.
Kg1 e4 48. Be2 Rc3 49. Qf2 Qxd5 50. Ne3 Qe6 51. h5 Nf6 52. Bc4 d5 53. Ra6 Qe7
54. h6+ Kxh6 55. Rxf6 Kg7 56. Rf4 dxc4 57. Qb2 Qa3 58. Qb7 Rc1+ 59. Kg2 Qxe3
60. Qxf7+ Kh6 61. Qf8+ Kh5 62. Rh4+ Kg5 1-0

[Event "Amsterdam Chess Tournament 2005"]
[Site "Amsterdam NED"]
[Date "2005.07.16"]
[Round "1.30"]
[White "Wempe, Joost"]
[Black "Senff, Martin"]
[Result "1/2-1/2"]
[WhiteElo "2228"]
[BlackElo "2467"]
[PlyCount "95"]
[EventDate "2005.07.16"]
[EventType "tourn"]
[EventRounds "9"]
[EventCountry "NED"]
[Source "lmi"]
[SourceDate "2005.07.25"]

1. d4 d5 2. c4 e6 3. Nf3 Nf6 4. Bg5 Be7 5. Nc3 h6 6. Bh4 O-O 7. e3 Ne4 8. Bxe7
Qxe7 9. cxd5 Nxc3 10. bxc3 exd5 11. Bd3 c5 12. O-O Nc6 13. h3 Be6 14. Nh2 Rfe8
15. Qd2 Rac8 16. Rae1 Qd7 17. g4 f5 18. f4 c4 19. Bb1 Rf8 20. Qg2 b5 21. Bc2 b4
22. g5 hxg5 23. fxg5 bxc3 24. Rf4 Nb4 25. Qe2 Nd3 26. Nf3 Nxf4 27. exf4 Bf7 28.
Ne5 Qe6 29. h4 Rb8 30. Qf3 Rb2 31. Qxc3 Rfb8 32. Bb3 R2xb3 33. axb3 Rxb3 34.
Qa5 Qb6 35. Qxb6 Rxb6 36. Ra1 a6 37. Kf2 Bh5 38. Ra5 Rb2+ 39. Ke1 c3 40. Rc5
Re2+ 41. Kf1 Re4 42. Kf2 Rxd4 43. Kg3 g6 44. Rxc3 a5 45. Rc8+ Kg7 46. Ra8 a4
47. Ra7+ Kg8 48. Ra8+ 1/2-1/2

[Event "Amsterdam Chess Tournament 2005"]
[Site "Amsterdam NED"]
[Date "2005.07.16"]
[Round "1.32"]
[White "Bensdorp, Marlies"]
[Black "Ernst, Sipke"]
[Result "0-1"]
[WhiteElo "2225"]
[BlackElo "2457"]
[PlyCount "208"]
[EventDate "2005.07.16"]
[EventType "tourn"]
[EventRounds "9"]
[EventCountry "NED"]
[Source "lmi"]
[SourceDate "2005.07.25"]

1. d4 d5 2. c4 dxc4 3. Nf3 Nf6 4. e3 e6 5. Bxc4 a6 6. O-O c5 7. Bb3 b5 8. a4 b4
9. Nbd2 Bb7 10. a5 Nbd7 11. Qe2 Be7 12. e4 cxd4 13. e5 Nd5 14. Nc4 Nc5 15. Nxd4
Nxb3 16. Nxb3 Rc8 17. Bg5 Rxc4 18. Bxe7 Qc7 19. Bg5 Rc2 20. Qe4 Rxb2 21. Rac1
Nc3 22. Qxb4 Ne2+ 23. Kh1 Nxc1 24. Rxc1 Qd7 25. f3 h6 26. Be3 Rxb3 27. Qxb3 O-O
28. Rd1 Bd5 29. Qb6 Qa4 30. Rc1 Qa3 31. h3 Re8 32. Kg1 Kh7 33. Kf2 Qa2+ 34. Kg1
Qe2 35. Bf2 Qxe5 36. Qxa6 Bxf3 37. Re1 Be4 38. Qc6 Bxc6 39. Rxe5 Rd8 40. a6 Kg6
41. a7 Rd1+ 42. Re1 Rd2 43. Rc1 Bd5 44. Ra1 Ba8 45. Kf1 Rc2 46. g3 f6 47. Re1
e5 48. Re2 Rc1+ 49. Re1 Rc4 50. Rd1 Ra4 51. Rd8 Ra1+ 52. Ke2 Bg2 53. Be3 Ra3
54. Kf2 Be4 55. Rd7 h5 56. h4 Ra2+ 57. Rd2 Ra1 58. Rd7 Ra3 59. Rc7 Ra2+ 60. Ke1
Ra3 61. Kf2 Ba8 62. Ke2 Ra2+ 63. Ke1 Bd5 64. Rd7 Bf3 65. Rd2 Ra3 66. Kf2 Bc6
67. Rc2 Be4 68. Rc7 Ra2+ 69. Ke1 Bf3 70. Bd2 Bg2 71. Re7 Be4 72. Be3 Bf3 73.
Bd2 Ba8 74. Rd7 Ra3 75. Ke2 Rxg3 76. Rd8 Bd5 77. a8=Q Bxa8 78. Rxa8 Rg2+ 79.
Ke3 Rg3+ 80. Ke2 Rg2+ 81. Ke3 Rg4 82. Be1 Kf5 83. Bf2 Rc4 84. Rg8 Rc3+ 85. Kd2
Rc7 86. Rh8 Kg4 87. Ra8 Kf3 88. Bb6 Rc6 89. Ra3+ Kg2 90. Be3 f5 91. Bg5 f4 92.
Kd3 Kf3 93. Kd2+ Kg4 94. Ra4 Rd6+ 95. Ke2 Kg3 96. Ke1 Rb6 97. Ra7 g6 98. Re7
Rb1+ 99. Kd2 f3 100. Be3 f2 101. Bxf2+ Kxf2 102. Rxe5 Rb4 103. Re2+ Kg3 104.
Re6 Rg4 0-1